000
00217 a2200097 4500
001
18941
100
_a
Dursall & robson
245
_a
Advanced algebra Vol III
260
_a
_b
Bell & Sons
_c
1956
090
_c
14029
_d
14029
942
_a
NUST-CAE
_c
M
_c
4480
999
_c
254014
_d
254014